[Event "45th FIDE Chess Olympiad Open"]
[Site "Budapest, Hungary"]
[Date "2024.09.13"]
[Round "3.84"]
[White "Preotu, Razvan"]
[Black "Krejci, Jan"]
[Result "1-0"]
[WhiteElo "2451"]
[BlackElo "2556"]
[PlyCount "83"]
[EventDate "2024.??.??"]
[WhiteTeam "Canada"]
[BlackTeam "Czech Republic"]
[WhiteTeamCountry "CAN"]
[BlackTeamCountry "CZE"]
[WhiteClock "0:45:09"]
[BlackClock "0:25:55"]

1. Nf3 d5 2. g3 Nd7 3. d4 Nb6 4. b3 ({RR} 4. Bf4 Bf5 5. Nbd2 Nf6 6. Nh4 Bd7 7. f3 e6 8. e4 dxe4 9. fxe4 c5 10. dxc5 Na4 11. Nc4 Nxc5 12. e5 Nd5 13. Nf3 Bc6 14. Bg2 Nxf4 15. gxf4 Ne4 16. Qxd8+ Rxd8 17. Nfd2 Nxd2 18. Bxc6+ bxc6 {Preotu,R (2463)-Kapra,J (2006) Toronto CAN 2024 1-0 (39)}) 4... Bf5 5. Nbd2 ({RR} 5. Nh4 e6 6. Nxf5 exf5 7. Qd3 g6 8. Bg2 Nf6 9. O-O Be7 10. c4 c6 11. Bh6 Bf8 12. Bg5 Be7 13. a4 a5 14. Nc3 O-O 15. Bxf6 Bxf6 16. cxd5 Nxd5 17. Nxd5 cxd5 18. e3 Qd7 19. Qb5 Rfd8 {Carlsen,M (2864)-Wang,H (2744) Stavanger 2022 ½-½ (47)}) 5... e6 6. Nh4 $146 ({RR} 6. Bb2 h6 7. Bg2 Nf6 8. h3 Be7 9. e3 a5 10. a3 Nbd7 11. Ne5 Bh7 12. O-O O-O 13. Rc1 c6 14. Kh2 Nxe5 15. dxe5 Nd7 16. e4 f6 17. exd5 cxd5 18. Qe2 fxe5 19. c4 e4 20. Qg4 Rf7 {Stosevski,I (2011)-Kanyamarala,T (2305) Skopje MKD 2023 0-1 (44)}) ({RR} 6. Bb2 Nf6 7. Bg2 c5 8. O-O Qc7 9. c4 dxc4 10. Rc1 cxb3 11. dxc5 Na4 12. Bxf6 gxf6 13. Qxb3 Nxc5 14. Qc3 Be7 15. Nd4 Bg6 16. f4 O-O 17. e4 Qd7 18. f5 Rfd8 19. N2b3 Nxb3 20. Nxb3 exf5 {Ronka,E (2305)-Mendes Aaron Reeve (2312) chess.com INT 2024 0-1 (35)}) 6... Bg4 7. h3 Bh5 8. Ng2 f6 9. Nf4 Bf7 10. Bb2 Bd6 11. Nd3 c6 12. e4 Ne7 13. Bg2 O-O 14. O-O Nd7 15. c4 Rc8 16. Re1 dxc4 17. Nxc4 Bb8 18. Ba3 Re8 19. Nc5 Qc7 20. Nxe6 Bxe6 21. d5 Nb6 22. dxe6 Rcd8 23. Qh5 Ng6 24. e7 Nxe7 25. Nd6 Rf8 26. Rad1 Ng6 27. Qg4 Qe7 28. Nc4 c5 29. Ne3 Ne5 30. Nf5 Qc7 31. Qe2 Nc8 32. f4 Rxd1 33. Rxd1 Nf7 34. Qg4 Nfd6 35. Nxd6 Nxd6 36. Qe6+ Kh8 37. e5 fxe5 38. Qxe5 b6 39. Bb2 Re8 40. Qh5 Qe7 41. Be5 Rf8 42. Rxd6 1-0

[Event "45th FIDE Chess Olympiad Open"]
[Site "Budapest, Hungary"]
[Date "2024.09.13"]
[Round "3.85"]
[White "Amartuvshin, Ganzorig"]
[Black "Rodshtein, Maxim"]
[Result "1/2-1/2"]
[WhiteElo "2402"]
[BlackElo "2600"]
[PlyCount "62"]
[EventDate "2024.??.??"]
[WhiteTeam "Mongolia"]
[BlackTeam "Israel"]
[WhiteTeamCountry "MGL"]
[BlackTeamCountry "ISR"]
[WhiteClock "0:49:47"]
[BlackClock "0:02:29"]

1. d4 Nf6 2. c4 g6 3. Nc3 d5 4. cxd5 Nxd5 5. e4 Nxc3 6. bxc3 Bg7 7. Be3 c5 8. Rc1 O-O 9. Nf3 Bg4 10. Be2 Qa5 11. O-O Qxa2 12. Ra1 Qe6 13. h3 Bxf3 14. Bxf3 Qd7 15. dxc5 Qc7 16. Qb3 $146 ({RR} 16. Rb1 Nd7 17. e5 Nxc5 18. Rb5 Ne6 19. Rxb7 Qxe5 20. Rxe7 Rad8 21. Qa4 Qxc3 22. Rc1 Qf6 23. Rxa7 Nd4 24. Bd1 Qe5 25. Ra5 Rd5 26. Rxd5 Qxd5 27. Bxd4 Qxd4 28. Qxd4 Bxd4 29. Bf3 Rd8 30. Rd1 Bb6 {Nguyen,A (2463)-Valenzuela Fuentealba,L (2443) Batumi 2018 ½-½ (31)}) 16... Nd7 17. c6 bxc6 18. Ra6 c5 19. Qa3 Be5 20. Bg4 Nf6 21. f4 Nxg4 22. hxg4 Bg7 23. e5 Rfc8 24. Ra5 Qd7 25. g5 Qd3 26. Bxc5 e6 27. Rf3 Qd1+ 28. Rf1 Qd3 29. Rf3 Qd1+ 30. Rf1 Qd3 31. Rf3 Qd1+ 1/2-1/2

[Event "45th FIDE Chess Olympiad Open"]
[Site "Budapest, Hungary"]
[Date "2024.09.13"]
[Round "3.86"]
[White "Nabaty, Tamir"]
[Black "Chinguun, Sumiya"]
[Result "1-0"]
[WhiteElo "2630"]
[BlackElo "2389"]
[PlyCount "77"]
[EventDate "2024.??.??"]
[WhiteTeam "Israel"]
[BlackTeam "Mongolia"]
[WhiteTeamCountry "ISR"]
[BlackTeamCountry "MGL"]
[WhiteClock "0:13:58"]
[BlackClock "0:07:20"]

1. d4 Nf6 2. c4 e6 3. Nf3 d5 4. Nc3 c6 5. e3 Nbd7 6. Qc2 Bd6 7. Bd3 O-O 8. O-O dxc4 9. Bxc4 b5 10. Bd3 Bb7 11. e4 e5 12. Bg5 Re8 13. dxe5 Nxe5 14. Nxe5 Bxe5 15. f4 Bd4+ $146 ({RR} 15... Bxc3 16. bxc3 Qb6+ 17. Kh1 c5 18. e5 c4 19. Bf5 Nd5 20. Bxh7+ Kh8 21. Be4 Ne3 22. Qb1 Nxf1 23. Bxb7 Qxb7 24. Qxf1 Rac8 25. Re1 Rc5 26. Qf2 Rd5 27. h3 a5 28. Qh4+ Kg8 29. Qg4 Qd7 30. Qf3 {Sarana,A (2699)-Korobov,A (2662) chess.com INT 2024 0-1 (42)}) 16. Kh1 h6 17. Bh4 Qb6 18. e5 Ng4 19. Qe2 Ne3 20. Rf3 Kh8 21. Rg3 c5 22. Qh5 Nxg2 23. Rxg2 Bxg2+ 24. Kxg2 Kg8 25. Nd5 Qe6 26. Be4 Rac8 27. Nf6+ Kf8 28. Nxe8 Rxe8 29. Qf5 g5 30. Bf2 Bxf2 31. Kxf2 gxf4 32. Qxf4 Qxe5 33. Qxh6+ Ke7 34. Re1 Qxb2+ 35. Bc2+ Kd7 36. Qd2+ Qd4+ 37. Qxd4+ cxd4 38. Rxe8 Kxe8 39. Kf3 1-0

[Event "45th FIDE Chess Olympiad Open"]
[Site "Budapest, Hungary"]
[Date "2024.09.13"]
[Round "3.87"]
[White "Baasansuren, Erdene"]
[Black "Smirin, Ilia"]
[Result "1-0"]
[WhiteElo "2368"]
[BlackElo "2575"]
[PlyCount "79"]
[EventDate "2024.??.??"]
[WhiteTeam "Mongolia"]
[BlackTeam "Israel"]
[WhiteTeamCountry "MGL"]
[BlackTeamCountry "ISR"]
[WhiteClock "0:00:45"]
[BlackClock "0:00:51"]

1. Nf3 Nf6 2. c4 g6 3. b4 Bg7 4. Bb2 O-O 5. g3 d6 6. Bg2 a5 7. b5 e5 8. O-O Nbd7 9. d3 ({RR} 9. d4 exd4 10. Nxd4 Nc5 11. Nb3 Na4 12. Bd4 Nd7 13. Bxg7 Kxg7 14. Nd4 Ndc5 15. e3 Qf6 16. Nd2 Be6 17. Qc2 Nb6 18. Rac1 h5 19. f4 Rae8 20. f5 Qg5 21. Qc3 Kh7 22. fxe6 Nxe6 23. Ne4 {1-0 (23) Movahed,S (2463)-Guliev,L (2257) chess.com INT 2024}) 9... Nc5 10. Nc3 e4 $146 ({RR} 10... Rb8 11. d4 exd4 12. Nxd4 Be6 13. Nxe6 fxe6 14. Qc2 Qe7 15. Rad1 Rbd8 16. e3 Nfd7 17. Ne4 Nxe4 18. Bxe4 Bxb2 19. Qxb2 Nc5 20. Qd4 Qf6 21. Bg2 Kf7 22. f4 Ke7 23. Qb2 b6 {½-½ (23) Phillips,D (2031)-Patrick,D (1888) England 2019}) ({RR} 10... a4 11. Rb1 a3 12. Bc1 e4 13. Ne1 exd3 14. Nxd3 Bf5 15. Nxc5 dxc5 16. Rb3 Qc8 17. Bxa3 Rd8 18. Qc1 Rd4 19. Nd5 Nxd5 20. Bxd5 c6 21. bxc6 bxc6 22. e3 cxd5 23. exd4 Bxd4 24. cxd5 Be4 25. g4 {Dzagnidze,N (2559)-Nezad,H (2425) Doha 2015 ½-½ (56)}) ({RR} 10... Re8 11. Nd2 Bf5 12. Qc2 Nfd7 13. a4 h5 14. f4 exf4 15. Rxf4 Ne6 16. Rf2 Nd4 17. Qd1 Ne5 18. h3 h4 19. g4 Bxg4 20. hxg4 Nxg4 21. Qf1 Nxf2 22. Qxf2 h3 23. Bd5 Qg5+ 24. Kh1 Nf5 25. Nde4 {Flores,D (2532)-Sanhueza,C (2186) Perez, Santa Fe ARG 2023 1-0 (49)}) 11. Nxe4 Nfxe4 12. Bxg7 Nxf2 13. Rxf2 Kxg7 14. Qd2 f5 15. Raf1 Bd7 16. e4 Qf6 17. e5 dxe5 18. Nxe5 Qxe5 19. d4 Qf6 20. dxc5 Rfd8 21. Qf4 c6 22. Qc7 Kh6 23. Rf4 g5 24. R4f2 Qd4 25. Qxb7 Rab8 26. Qc7 cxb5 27. c6 Be6 28. Qxa5 Ra8 29. Qe1 Re8 30. cxb5 Rxa2 31. c7 Rxf2 32. Rxf2 Qd6 33. Re2 Qc5+ 34. Kh1 Kg7 35. b6 Kf7 36. Qf2 Qc4 37. Rc2 Qd3 38. Rc1 Bd5 39. b7 Bxg2+ 40. Qxg2 1-0

[Event "45th FIDE Chess Olympiad Open"]
[Site "Budapest, Hungary"]
[Date "2024.09.13"]
[Round "3.88"]
[White "Postny, Evgeny"]
[Black "Itgelt, Khuyagtsogt"]
[Result "1/2-1/2"]
[WhiteElo "2577"]
[BlackElo "2412"]
[PlyCount "77"]
[EventDate "2024.??.??"]
[WhiteTeam "Israel"]
[BlackTeam "Mongolia"]
[WhiteTeamCountry "ISR"]
[BlackTeamCountry "MGL"]
[WhiteClock "0:07:45"]
[BlackClock "0:41:41"]

1. d4 {Postny,Evgeny} d5 2. c4 c6 3. Nf3 Nf6 4. Nc3 dxc4 5. a4 Bf5 6. Nh4 e6 7. Nxf5 exf5 8. e3 Bd6 9. Bxc4 O-O 10. Qf3 ({RR} 10. h3) 10... Qd7 ({RR} 10... g6 11. h3 Bb4 ({RR} 11... h5 12. O-O Qe7 13. Re1 Nbd7 ({RR} 13... Ne4 14. g4) 14. e4 fxe4 15. Nxe4 Nxe4 16. Rxe4 Qf6 17. Bf4 Nb6 18. Bb3 Nd5 19. Bxd6 Qxd6 20. Re5 Qb4 21. Bxd5 cxd5 22. Rxd5 Qxb2 23. Rd1 Rad8 24. Rb5 Qc2 25. Rxb7) 12. O-O Nbd7 13. g4 fxg4 14. hxg4 h5 15. gxh5 Nxh5 16. Qg2 Kg7 17. Ne4 Qh4 18. b3 Rae8 19. Ng5 Be7 20. Nf3 Qe4 21. Ne5 Qxg2+ 22. Kxg2 Nb6 23. a5 Nxc4 24. bxc4 f6 25. Nd3 {Hodgson,J (2625)-Huebner,R (2605) Groningen 1993 ½-½ (51)}) ({RR} 10... g6 11. h3 Re8 12. g4 f4 ({RR} 12... Bb4 13. Kf1) 13. O-O Nbd7 ({RR} 13... Bc7 14. Ne2 fxe3 15. fxe3 Qd6 16. Rf2 ({RR} 16. Qf4 Qxf4 17. Nxf4 Bxf4 18. Rxf4 Nd5) 16... Nbd7 17. g5 Ne4 18. Bxf7+ Kh8 19. Bxe8 Rxe8 ({RR} 19... Nxf2 20. Bxd7 Rf8 21. Nf4) 20. Rg2) 14. exf4 ({RR} 14. e4 c5 15. e5 cxd4 16. exd6 Ne5) 14... Nb6 15. Bb3 Bc7 ({RR} 15... a5 16. f5 Nfd5 17. fxg6 hxg6 18. Bd2) 16. g5 Nh5 ({RR} 16... Nfd5 17. Ne4) 17. a5 Nc8 ({RR} 17... Nd5 18. Nxd5 cxd5 19. Bxd5 Bxf4 20. Bxf4 Nxf4 21. Bxf7+ Kxf7 22. Qxf4+) 18. d5 ({RR} 18. a6) 18... c5 19. Ne4 Nd6 ({RR} 19... Rxe4 20. Qxe4 Nd6) ({RR} 19... Bxa5 20. d6 Rxe4 21. Qxe4 Nxd6 22. Qd5) 20. Nxc5 Nf5 ({RR} 20... Bxa5 21. Be3 Bb6) 21. d6 ({RR} 21. Ra4) 21... Qxd6 ({RR} 21... Nd4 22. Bxf7+ Kxf7 23. Qd5+ Ne6 24. f5) 22. Nxb7 Qe7 23. Ra4 Rab8 24. Bd5 Bd6 25. Re4 {Postny,E (2486)-Haznedaroglu,K (2345) Patras 2001 CBM 083 Extra [Postny,Evgeny] 1-0 (40)}) 11. h3 Na6 12. Bd3 g6 13. Bxa6 $146 ({RR} 13. g4 Nb4 14. Bb1 c5 15. gxf5 cxd4 16. exd4 Nc6 17. Be3 Bb4 18. fxg6 fxg6 19. Ba2+ Kg7 20. O-O-O Bxc3 21. bxc3 Rac8 22. Kb2 Na5 23. d5 b5 24. Bd4 Nc4+ 25. Ka1 Qd6 26. axb5 Kg8 27. Rhe1 Qa3 {Lumachi,G (2395)-Basso,P (2483) Brescia ITA 2023 ½-½ (43)}) ({RR} 13. g4 Nb4 14. Bb1 c5 15. dxc5 Bxc5 16. O-O Nc6 17. gxf5 Ne5 18. Qg2 Rad8 19. a5 Bb4 20. fxg6 fxg6 21. f4 Nc6 22. a6 b6 23. Bc2 Ne7 24. Ba4 Qe6 25. Nb5 Bc5 26. Nxa7 Nf5 27. Re1 Nh5 {Mirzoeva,E (2282)-Saunders,A (2105) Hull ENG 2024 1-0 (41)}) 13... bxa6 14. g4 c5 15. gxf5 cxd4 16. exd4 Bb4 17. O-O Qxd4 18. Bg5 Bxc3 19. bxc3 Qe4 20. Kg2 Qxf3+ 21. Kxf3 Nd7 22. Rfd1 f6 23. Be3 Ne5+ 24. Ke2 Rac8 25. Rd6 Nc4 26. Rxa6 Nxe3 27. fxe3 Rxc3 28. fxg6 Re8 29. gxh7+ Kxh7 30. Rxf6 Rcxe3+ 31. Kf2 Re2+ 32. Kg3 Rg8+ 33. Kf3 Rh2 34. Rf7+ Kh8 35. Rxa7 Rxh3+ 36. Kf4 Rh4+ 37. Kf3 Rh3+ 38. Kf2 Rh2+ 39. Kf3 1/2-1/2

[Event "45th FIDE Chess Olympiad Open"]
[Site "Budapest, Hungary"]
[Date "2024.09.13"]
[Round "3.89"]
[White "Theodorou, Nikolas"]
[Black "Murphy, Conor E"]
[Result "1/2-1/2"]
[WhiteElo "2619"]
[BlackElo "2453"]
[PlyCount "75"]
[EventDate "2024.??.??"]
[WhiteTeam "Greece"]
[BlackTeam "Ireland"]
[WhiteTeamCountry "GRE"]
[BlackTeamCountry "IRL"]
[WhiteClock "0:18:03"]
[BlackClock "0:04:15"]

1. c4 e6 2. Nc3 d5 3. d4 Nf6 4. cxd5 exd5 5. Bg5 c6 6. e3 Bf5 7. Nge2 Bd6 ({RR} 7... h6 8. Bh4 Nbd7 9. f3 Be7 10. Bf2 Bh7 11. Ng3 Qb6 12. Qd2 O-O 13. Be2 Rfe8 14. e4 dxe4 15. fxe4 c5 16. e5 cxd4 17. Bxd4 Bc5 18. Na4 Qc6 19. Nxc5 Nxc5 20. exf6 Rad8 21. O-O Ne6 22. Bf3 {Firouzja,A (2738)-Carlsen,M (2830) chess.com INT 2024 1-0 (51)}) ({RR} 7... h6 8. Bf4 Nbd7 9. Ng3 Bh7 10. h4 Nb6 11. Bd3 Bxd3 12. Qxd3 h5 13. Bg5 Be7 14. Nf5 g6 15. Nxe7 Qxe7 16. O-O-O Qe6 17. f3 O-O-O 18. e4 Rd7 19. Rhe1 dxe4 20. fxe4 Ng4 21. d5 Qe5 22. Qf3 {Bluebaum,M (2655)-Hansen,S (2511) chess.com INT 2024 1-0 (37)}) 8. f3 $146 ({RR} 8. Ng3 Bg6 9. Bd3 Bxd3 10. Qxd3 h6 11. Bxf6 Qxf6 12. Nh5 Qg5 13. Qf5 O-O 14. Qf3 Nd7 15. h4 Qg6 16. O-O-O b5 17. g4 b4 18. Ne2 a5 19. Neg3 Bxg3 20. Nxg3 a4 21. Nf5 Rfe8 22. Qf4 Ra7 {Luechtemeier,P (2195)-Gottstein,T (1724) Baunatal 2001 1-0 (43)}) ({RR} 8. Ng3 Bxg3 9. hxg3 Nbd7 10. Qb3 Qb6 11. f3 Qxb3 12. axb3 a6 13. g4 Bg6 14. b4 O-O 15. Kd2 Rfe8 16. Na4 Kf8 17. Bf4 Ng8 18. Ra3 f6 19. Nc5 Nxc5 20. bxc5 Ke7 21. Rb3 Ra7 22. g5 fxg5 {Epishin,V (2553)-Panarello,G (1990) Messina 2011 1-0 (36)}) ({RR} 8. Ng3 Bg6 9. Bd3 Bxd3 10. Qxd3 h6 11. Bxf6 Qxf6 12. O-O O-O 13. Nf5 Nd7 14. f4 Rfe8 15. Rae1 Nf8 16. a3 a5 17. Re2 Rad8 18. Ref2 Ng6 19. Nxd6 Rxd6 20. f5 Ne7 21. Rf3 Rd7 22. Ne2 c5 {Rajesh,V (2326)-Jinan,J (1691) Sivakasi 2018 1-0}) 8... Bg6 9. h4 h6 10. Bf4 Na6 11. Kf2 Nc7 12. Ng3 Ne6 13. Bxd6 Qxd6 14. h5 Bh7 15. Bd3 Bxd3 16. Qxd3 O-O-O 17. Nce2 g6 18. a4 Kb8 19. Qa3 Ne8 20. b4 Qe7 21. b5 Qxa3 22. Rxa3 cxb5 23. axb5 Nd6 24. Nc3 Nc7 25. Rb3 Nc4 26. Nce2 Rd6 27. Rc1 Rb6 28. Nf4 Rc8 29. e4 Rxb5 30. Rxb5 Nxb5 31. hxg6 fxg6 32. Nxg6 dxe4 33. Nxe4 Nxd4 34. Ne7 Rc7 35. Nd5 Rc8 36. Ne7 Rc7 37. Nd5 Rc8 38. Ne7 1/2-1/2

[Event "45th FIDE Chess Olympiad Open"]
[Site "Budapest, Hungary"]
[Date "2024.09.13"]
[Round "3.90"]
[White "Kanyamarala, Tarun"]
[Black "Kourkoulos-Arditis, Stamatis"]
[Result "0-1"]
[WhiteElo "2361"]
[BlackElo "2570"]
[PlyCount "96"]
[EventDate "2024.??.??"]
[WhiteTeam "Ireland"]
[BlackTeam "Greece"]
[WhiteTeamCountry "IRL"]
[BlackTeamCountry "GRE"]
[WhiteClock "0:03:15"]
[BlackClock "0:15:51"]

1. d4 Nf6 2. c4 g6 3. Nc3 Bg7 4. e4 d6 5. Nf3 O-O 6. Be2 e5 7. d5 a5 8. h3 Na6 9. Bg5 Nc5 10. Nd2 h6 11. Be3 Nh7 12. g4 f5 13. gxf5 gxf5 14. Qc2 Na6 15. exf5 Nb4 $146 ({RR} 15... Bxf5 16. Nde4 Qh4 17. a3 Ng5 18. Bxg5 hxg5 19. Bd3 Bxe4 20. Nxe4 Nc5 21. Nxc5 dxc5 22. Bf5 e4 23. Be6+ Kh8 24. O-O Bd4 25. Kg2 Rf4 26. Rae1 g4 27. Re2 Qxh3+ {0-1 (27) Montilli,V (2039)-Carneiro,V (2277) Al Ain 2013}) 16. Qb1 Bxf5 17. Nde4 Qh4 18. a3 Nf6 19. Bf3 Kh8 20. Rg1 Bh7 21. Ke2 Na6 22. Rg3 Nh5 23. Bxh5 Qxh5+ 24. Kd2 Nc5 25. Bxc5 dxc5 26. Qg1 Bf6 27. Qh2 Be7 28. Rag1 Rf7 29. Qg2 Raf8 30. Ke1 Qf5 31. Rg4 Qf3 32. Qh2 Rf4 33. R1g3 Bxe4 34. Rxf3 Bxf3 35. Rg6 Kh7 36. Qg3 R8f7 37. Re6 Bf6 38. Ne2 Rf5 39. Ng1 Rg7 40. Qh2 Be4 41. f3 Bh4+ 42. Kd2 Bb1 43. Ne2 Rxf3 44. Rxe5 Rf1 45. Rh5 Be1+ 46. Ke3 Rgf7 47. Nf4 R1xf4 48. Qxf4 Bd2+ 0-1

[Event "45th FIDE Chess Olympiad Open"]
[Site "Budapest, Hungary"]
[Date "2024.09.13"]
[Round "3.91"]
[White "Papaioannou, Ioannis"]
[Black "O`Gorman, Tom"]
[Result "1-0"]
[WhiteElo "2615"]
[BlackElo "2353"]
[PlyCount "65"]
[EventDate "2024.??.??"]
[WhiteTeam "Greece"]
[BlackTeam "Ireland"]
[WhiteTeamCountry "GRE"]
[BlackTeamCountry "IRL"]
[WhiteClock "0:46:49"]
[BlackClock "0:10:02"]

1. e4 e5 2. Nf3 Nc6 3. Bb5 a6 4. Ba4 Nf6 5. d3 d6 6. c3 g6 7. O-O Bg7 8. Re1 O-O 9. h3 b5 10. Bc2 Bb7 11. Be3 Re8 ({RR} 11... Qe7 12. Nbd2 Nd8 13. d4 Nh5 14. Nb3 f5 15. exf5 e4 16. Bg5 Qe8 17. fxg6 Qxg6 18. d5 Rxf3 19. Bxd8 Rxd8 20. Rxe4 Rf5 21. Rh4 Rxd5 22. Bxg6 Rxd1+ 23. Rxd1 hxg6 24. Nc5 Bc8 25. Re4 Kf7 26. Re3 {Tiviakov,S (2531)-Marn,J (2344) Trieste ITA 2024 0-1 (85)}) 12. Nbd2 Nb8 13. b4 Nbd7 14. a4 $146 ({RR} 14. Nb3 Rc8 15. a4 c5 16. axb5 axb5 17. Qb1 cxb4 18. cxb4 d5 19. Ra7 Ba8 20. Nc5 Rc7 21. Qa2 Nxc5 22. Bxc5 Rxa7 23. Qxa7 Qd7 24. Qa2 Bc6 25. Bb3 h6 26. Qa1 Qc7 27. Qb1 dxe4 28. dxe4 Qb7 {David,A (2517)-Flear,G (2431) Chartres 2021 ½-½ (43)}) 14... c5 15. Qb1 Rb8 16. axb5 axb5 17. Ra5 Ba8 18. Qa2 cxb4 19. cxb4 Bf8 20. Nb3 d5 21. Nc5 Rc8 22. Rxb5 d4 23. Bd2 Nxc5 24. bxc5 h6 25. Bb3 Qd7 26. c6 Qc7 27. Ba5 Qa7 28. Nxe5 Bxc6 29. Bxf7+ Kg7 30. Bxe8 Bxe8 31. Rb2 Ra8 32. Qe6 Ba4 33. Reb1 1-0

[Event "45th FIDE Chess Olympiad Open"]
[Site "Budapest, Hungary"]
[Date "2024.09.13"]
[Round "3.92"]
[White "Fitzsimons, David"]
[Black "Mastrovasilis, Dimitrios"]
[Result "1-0"]
[WhiteElo "2315"]
[BlackElo "2550"]
[PlyCount "61"]
[EventDate "2024.??.??"]
[WhiteTeam "Ireland"]
[BlackTeam "Greece"]
[WhiteTeamCountry "IRL"]
[BlackTeamCountry "GRE"]
[WhiteClock "0:22:01"]
[BlackClock "0:07:14"]

1. e4 c5 2. Nf3 Nc6 3. Bb5 e5 4. O-O Be7 5. Re1 ({RR} 5. Bxc6 dxc6 6. Nxe5 Qd4 7. Nf3 Qxe4 8. d3 Qg6 9. Re1 Nf6 10. Bf4 Nd5 11. Bg3 Be6 12. Nbd2 O-O 13. Qe2 h6 14. a4 Rad8 15. a5 Nb4 16. Ne5 Qh7 17. Ndc4 Rfe8 18. a6 b6 19. Rad1 h5 {Starley,R (2028)-Pang,E (2212) Hull ENG 2024 1-0 (80)}) 5... Nd4 6. Nxd4 cxd4 7. c3 Bc5 $146 ({RR} 7... Nf6 8. cxd4 exd4 9. d3 O-O 10. Bg5 d5 11. Bxf6 Bxf6 12. exd5 a6 13. Bc4 b5 14. Bb3 Bb7 15. Nd2 Bxd5 16. Ne4 Be7 17. Rc1 Bb7 18. Qh5 Rc8 19. Rxc8 Bxc8 20. Rc1 Bb7 21. Qe5 Kh8 22. h3 {Tomashevsky,E (2681)-Predke,A (2689) Samarkand UZB 2023 1-0}) ({RR} 7... Nf6 8. cxd4 exd4 9. d3 O-O 10. Nd2 d5 11. e5 Nd7 12. Nf3 Qb6 13. Ba4 Nc5 14. Bc2 Bg4 15. h3 Bh5 16. g4 Bg6 17. Nxd4 Ne6 18. Nf3 Rac8 19. Bb3 Qb5 20. d4 Bb4 21. Re3 Nf4 22. Bd2 {Gukesh,D (2720)-Predke,A (2689) Chennai IND 2023 1-0 (44)}) 8. b4 Bb6 9. Bb2 Ne7 10. Qh5 Ng6 11. cxd4 exd4 12. Na3 O-O 13. Bf1 d6 14. Nc4 Be6 15. Nxb6 Qxb6 16. Qb5 Qxb5 17. Bxb5 a6 18. Bf1 Rfc8 19. Bxd4 Rc2 20. Bc3 Rxa2 21. Rxa2 Bxa2 22. Ra1 Be6 23. b5 d5 24. f3 dxe4 25. fxe4 Bc8 26. Kf2 Nf8 27. Ke3 f6 28. bxa6 bxa6 29. Bc4+ Ne6 30. Rb1 Kf8 31. Bd5 1-0

[Event "45th FIDE Chess Olympiad Open"]
[Site "Budapest, Hungary"]
[Date "2024.09.13"]
[Round "3.93"]
[White "Gascon Del Nogal, Jose Rafael"]
[Black "Neiksans, Arturs"]
[Result "1-0"]
[WhiteElo "2454"]
[BlackElo "2571"]
[PlyCount "61"]
[EventDate "2024.??.??"]
[WhiteTeam "Venezuela"]
[BlackTeam "Latvia"]
[WhiteTeamCountry "VEN"]
[BlackTeamCountry "LAT"]
[WhiteClock "0:08:51"]
[BlackClock "0:00:58"]

1. d4 Nf6 2. Nf3 e6 3. Bg5 h6 4. Bh4 d6 5. Nbd2 g5 6. Bg3 Nh5 7. e4 Bg7 8. c3 Qe7 ({RR} 8... f5 9. h3 Nxg3 10. fxg3 d5 11. exf5 exf5 12. Bd3 Qe7+ 13. Kf2 O-O 14. Re1 Qd6 15. Ne5 Nc6 16. Nxc6 bxc6 17. Qf3 c5 18. dxc5 Qxc5+ 19. Kf1 Rb8 20. Nb3 Qd6 21. Qf2 f4 22. g4 h5 23. gxh5 {Matlakov,M (2685)-Andreikin,D (2726) Chess.com INT 2020 0-1 (58)}) 9. Nc4 f5 10. e5 $146 ({RR} 10. Nfd2 Nf6 11. e5 dxe5 12. Bxe5 Nc6 13. Be2 O-O 14. O-O Nxe5 15. Nxe5 Rd8 16. Re1 c5 17. Nb3 cxd4 18. cxd4 a5 19. Bc4 Rd6 20. Qc2 Kh7 21. a4 b6 22. Nf3 Qc7 23. Rac1 Bb7 24. Rxe6 Be4 {Fressinet,L (2637)-Ivanisevic,I (2517) chess.com INT 2024 0-1 (64)}) 10... d5 11. Ncd2 c5 12. dxc5 Nc6 13. Nd4 Nxg3 14. hxg3 Bxe5 15. Bb5 Bd7 16. Qh5+ Qf7 17. Qe2 Qf6 18. Bxc6 bxc6 19. O-O-O Bc7 20. Qa6 Rc8 21. Rde1 Kf7 22. Nxc6 Bxg3 23. fxg3 Rxc6 24. Qxa7 Qd8 25. Nf3 Rc7 26. Qb6 Bc8 27. Ne5+ Kf6 28. c6 Kg7 29. Qd4 Qf6 30. a4 f4 31. g4 1-0

[Event "45th FIDE Chess Olympiad Open"]
[Site "Budapest, Hungary"]
[Date "2024.09.13"]
[Round "3.94"]
[White "Meshkovs, Nikita"]
[Black "Ynojosa Aponte, Felix Jose"]
[Result "1-0"]
[WhiteElo "2534"]
[BlackElo "2398"]
[PlyCount "67"]
[EventDate "2024.??.??"]
[WhiteTeam "Latvia"]
[BlackTeam "Venezuela"]
[WhiteTeamCountry "LAT"]
[BlackTeamCountry "VEN"]
[WhiteClock "0:27:57"]
[BlackClock "0:27:17"]

1. d4 Nf6 2. Nf3 e6 3. c4 b6 4. g3 Bb7 5. Bg2 c5 6. Nc3 cxd4 7. Qxd4 Be7 8. O-O d6 9. Bg5 Nbd7 10. Qd2 a6 11. Rfd1 Rc8 12. Bf4 e5 ({RR} 12... Rxc4 13. Bxd6 Bxd6 14. Qxd6 Rc6 15. Qa3 Rc5 16. Na4 Ra5 17. b4 Rd5 18. Nd4 O-O 19. Nc3 Rxd4 20. Rxd4 Bxg2 21. Kxg2 Qa8+ 22. Kg1 b5 23. Rd6 Rc8 24. Rad1 Nf8 25. Rxa6 Qb8 26. Rdd6 h5 27. Rab6 {Van Wely,L (2620)-Durarbayli,V (2606) Tornelo INT 2021 1-0 (32)}) ({RR} 12... O-O 13. Bxd6 Bxd6 14. Qxd6 Bxf3 15. exf3 Qc7 16. b3 b5 17. Qxa6 bxc4 18. b4 Ne5 19. Qd6 Nd3 20. Qxc7 Rxc7 21. b5 Nd5 22. Nxd5 exd5 23. Bf1 Rb8 24. Bxd3 cxd3 25. a4 Rc3 26. Kf1 Kf8 27. Rdb1 {Khusenkhojaev,M (2352)-Kaldarova,A (2095) Astana KAZ 2024 1-0 (42)}) 13. Be3 Qc7 $146 ({RR} 13... Ba8 14. b3 O-O 15. a4 Re8 16. Bh3 Rb8 17. Qc2 Bf8 18. Rac1 Bc6 19. Ng5 h6 20. Nge4 Nxe4 21. Nxe4 Qc7 22. Rd2 Nc5 23. Nc3 Qb7 24. b4 Ne6 25. b5 axb5 26. axb5 Bd7 27. Bg2 Qc7 28. Nd5 {Schmidt,W (2505)-Johansen,D (2415) Thessaloniki 1988 1-0 (45)}) 14. Rac1 O-O 15. Nh4 Bxg2 16. Nf5 Rce8 17. Kxg2 Qxc4 18. Nxe7+ Rxe7 19. Nd5 Qxd5+ 20. Qxd5 Nxd5 21. Rxd5 Re6 22. Rc6 Rb8 23. Rdxd6 Rg6 24. b4 Kf8 25. Rxg6 hxg6 26. a4 Ke8 27. h4 Kd8 28. Kf3 Rc8 29. Rxc8+ Kxc8 30. Ke4 Kc7 31. Kd5 a5 32. b5 e4 33. Bd4 f6 34. g4 1-0

[Event "45th FIDE Chess Olympiad Open"]
[Site "Budapest, Hungary"]
[Date "2024.09.13"]
[Round "3.95"]
[White "Escalona Landi, Samid Eduardo"]
[Black "Kantans, Toms"]
[Result "0-1"]
[WhiteElo "2305"]
[BlackElo "2486"]
[PlyCount "78"]
[EventDate "2024.??.??"]
[WhiteTeam "Venezuela"]
[BlackTeam "Latvia"]
[WhiteTeamCountry "VEN"]
[BlackTeamCountry "LAT"]
[WhiteClock "0:36:23"]
[BlackClock "0:22:48"]

1. e4 c5 2. Nf3 d6 3. d4 cxd4 4. Nxd4 Nf6 5. Nc3 a6 6. Be3 e5 7. Nb3 Be7 8. f3 h5 9. Qd2 Be6 10. Be2 Nbd7 11. Nd5 Bxd5 12. exd5 O-O ({RR} 12... b6 13. O-O-O Qc7 14. Kb1 b5 15. Na5 Nb6 16. Bxb6 Qxb6 17. Nc6 Bd8 18. c4 bxc4 19. Bxc4 O-O 20. Rhe1 Nd7 21. g4 hxg4 22. fxg4 Bh4 23. g5 g6 24. Rf1 Kg7 25. Qg2 Rh8 26. Qg4 Qc7 27. Rf3 {Carlsen,M (2863)-Ding,L (2791) chess24.com INT 2020 1-0 (55)}) 13. O-O Rc8 14. Na5 Rc7 $146 ({RR} 14... Qc7 15. c4 e4 16. f4 Ng4 17. Bxg4 hxg4 18. b4 f5 19. Rac1 Bf6 {½-½ (19) Schellmann,F (1991)-Tiarks,J (2218) Bamberg GER 2024}) ({RR} 14... Qc7 15. c4 Bd8 16. b4 Qb8 17. Nb3 Bb6 18. Bxb6 Nxb6 19. Rfc1 Rfe8 20. Qe3 Nbd7 21. Na5 e4 22. f4 Nf8 23. h3 h4 24. a4 Ng6 25. b5 Qc7 26. Nb3 Qd7 27. Nd4 a5 28. b6 Ne7 29. Qc3 {Viers,M (2028)-Gao,E (2249) Avoine 2018 0-1 (46)}) 15. c4 Nh7 16. b4 Bg5 17. f4 exf4 18. Bxf4 Ne5 19. Rac1 b6 20. Nc6 Nxc6 21. dxc6 Rxc6 22. Bxh5 b5 23. c5 dxc5 24. Qxd8 Bxd8 25. bxc5 Be7 26. Be3 Bg5 27. Bxg5 Nxg5 28. Rf5 Ne6 29. Bf3 Rc7 30. Kf2 Rd8 31. Ke1 g6 32. Re5 Kg7 33. c6 Nf4 34. Be2 Nxg2+ 35. Kf2 Nf4 36. Bf1 Kf6 37. Re3 Rd2+ 38. Kf3 Nd5 39. Ra3 Nb4 0-1